000
00257nam a2200133Ia 4500
100
_a
CIMI
942
_c
BK
366
_f
20
245
_a
ELECT.MECH/RTV/IST YEAR ASSIGNMENT
260
_b
CIMI
_a
Chennai
300
_a
64
546
_a
ENGLISH
999
_c
20898
_d
20898